NBA Players with the Most All-Star Selections - Statistics

General Stats
  • This quiz has been taken 22 times
  • The average score is 28 of 43
Answer Stats
# Player % Correct
20 LeBron James
100%
18 Kobe Bryant
95%
12 Larry Bird
95%
12 Magic Johnson
95%
14 Michael Jordan
95%
19 Kareem Abdul-Jabbar
90%
15 Shaquille O'Neal
90%
10 Stephen Curry
90%
12 Hakeem Olajuwon
85%
14 Jerry West
85%
14 Kevin Durant
85%
12 Bill Russell
80%
12 Chris Paul
80%
15 Tim Duncan
80%
13 Wilt Chamberlain
80%
14 Dirk Nowitzki
75%
14 Karl Malone
75%
15 Kevin Garnett
75%
12 Moses Malone
75%
10 Clyde Drexler
70%
12 Isiah Thomas
70%
10 James Harden
70%
11 Patrick Ewing
70%
10 Carmelo Anthony
65%
11 Charles Barkley
65%
10 David Robinson
65%
10 John Stockton
65%
10 Paul Pierce
65%
13 Dwyane Wade
60%
11 Allen Iverson
55%
11 Julius Erving
55%
13 Bob Cousy
50%
10 Jason Kidd
50%
11 Elgin Baylor
40%
13 John Havlicek
40%
10 Ray Allen
40%
11 Chris Bosh
35%
12 Oscar Robertson
30%
11 Bob Pettit
20%
12 Dolph Schayes
15%
12 Elvin Hayes
15%
10 Paul Arizin
10%
10 Hal Greer
5%
No matching quizzes found
Score Distribution
Percent of People with Each Score
Percentile by Number Answered
Your Score History
You have not taken this quiz